000 00965nmm a2200289 a 4500
001 ocm000955326
003 TR-IsHL
005 20201028150415.0
008 150110s2014 tu eng
007 cr cn
020 _a9781503013513
035 _a955326
_b(N$T)
050 0 4 _aPR6005.U75
_bL67 2014
090 0 4 _aPR6005.U75
_bL67 2014
100 1 _aBurks, Arthur J.
245 1 0 _aLords of the Stratosphere
_h[electronic resource] /
_cArthur J. Burks ; illustrated by Murat Ukray, Paul Orban
260 _aİstanbul :
_bE-Kitap Projesi,
_c2014
300 _a135 p.
650 4 _aDil ve Edebiyat
650 4 _aLanguage and Literature
650 0 _aBilimkurgu romanı
650 0 _aScience fiction
650 7 _aLITERARY COLLECTIONS / European / English, Irish, Scottish, Welsh
_2bisacsh
700 1 _aUkray, Murat
700 1 _aOrban, Paul
856 4 0 _uhttp://search.ebscohost.com/login.aspx?direct=true&scope=site&db=e011xww&AN=955326
999 _c10456
_d10456